Cambio de paradigmas empresariales (Registro nro. 36413)

Detalles MARC
000 -LEADER
fixed length control field 01333 a2200253 4500
001 - CONTROL NUMBER
control field 63928
005 - DATE AND TIME OF LATEST TRANSACTION
control field 20260521160826.0
008 - FIXED-LENGTH DATA ELEMENTS--GENERAL INFORMATION
fixed length control field 260521a1995 arg spa d
003 - CONTROL NUMBER IDENTIFIER
control field AR-UNSa-BCEJYS
040 ## - CATALOGING SOURCE
Original cataloging agency AR-UNSa-BCEJYS
Language of cataloging spa
Transcribing agency AR-UNSa-BCEJYS
080 ## - UNIVERSAL DECIMAL CLASSIFICATION NUMBER
Universal Decimal Classification number 658.012.4
Common auxiliary subdivision Gestión. Dirección. Autoridad. Técnicas y métodos de gestión (gestión del conocimiento, Outsourcing, Benchmarking...)
020 ## - INTERNATIONAL STANDARD BOOK NUMBER
International Standard Book Number 978-958-600-312-4
041 ## - LANGUAGE CODE
Language code of text/sound track or separate title spa
100 1# - MAIN ENTRY--PERSONAL NAME
Personal name Tapscott, Don
245 10 - TITLE STATEMENT
Title Cambio de paradigmas empresariales
264 #1 - PRODUCTION, PUBLICATION, DISTRIBUTION, MANUFACTURE, AND COPYRIGHT NOTICE
Place of production, publication, distribution, manufacture Santafé de Bogotá :
Name of producer, publisher, distributor, manufacturer McGraw-Hill
Date of production, publication, distribution, manufacture, or copyright notice 1995
300 ## - PHYSICAL DESCRIPTION
Extent xvii, 365 p.
Dimensions 21
505 ## - FORMATTED CONTENTS NOTE
Formatted contents note 1. Introducción – 2. El equipo de negocios de alto desempeño – 3. La organización integrada – 4. La empresa ampliada – 5. La computación en red llega a su mayoría de edad – 6. Sistemas abiertos para un mundo abierto – 7. La revolución industrial en el software – 8. El logro de una nueva visión compartida – 9. Aplicación de procesos de reingeniería a los negocios – 10. Reprocesamiento de la tecnología de la información – 11. Realineación de la función de los SI – 12. Liderazgo para la transición –
590 ## - LOCAL NOTE (RLIN)
Local note niveau_biblio:m niveau_hierar:0
700 1# - ADDED ENTRY--PERSONAL NAME
Personal name Caston, Art
700 1# - ADDED ENTRY--PERSONAL NAME
Personal name Bernal Osorio, Magaly
700 1# - ADDED ENTRY--PERSONAL NAME
Personal name Cano, Leonardo
942 ## - ADDED ENTRY ELEMENTS (KOHA)
Koha item type
Existencias
Withdrawn status Lost status Damaged status Not for loan Home library Current library Shelving location Date acquired Total checkouts Full call number Barcode Date last seen Price effective from Koha item type
        Biblioteca Prof. Eusebio Cleto del Rey Biblioteca Prof. Eusebio Cleto del Rey   21/05/2026   658.012.4 T172 L85034 21/05/2026 21/05/2026 Libro